35 Jahre Frankfurter Olgas / (Titelsatznr. 372182)
[ MARC ]
| 000 -Satzkennung | |
|---|---|
| Kontrollfeld mit fester Länge | 00469nam a2200145 4500 |
| 008 - Feld mit fester Länge zur physischen Beschreibung - Allgemeine Angaben | |
| Kontrollfeld mit fester Länge | 230127b ||||| |||| 00| 0 eng d |
| 040 ## - Katalogisierungsquelle | |
| Original-Katalogisierungsstelle | DE-2950 |
| Übertragungsstelle | DE-2950 |
| 245 ## - Titel | |
| Titel | 35 Jahre Frankfurter Olgas / |
| Verfasserangabe etc. | Siegfried Fiedler ; Angelika Müller |
| 260 ## - Publikation, Vertrieb usw. (Erscheinungsvermerk) | |
| Erscheinungsort, Vertriebsort etc. | Frankfurt (Oder): |
| Name des Verlags, des Vertriebs etc. | [Jugendfilmclub "Olga Benario"], |
| Date of publication, distribution, etc | [2012] |
| 300 ## - Physische Beschreibung | |
| Umfang | 207 S.: |
| Andere physische Details | Ill. |
| 653 ## - Indexierungsterm - Nicht normiert | |
| Nicht-normierter Term | Frankfurt (Oder) |
| 653 ## - Indexierungsterm - Nicht normiert | |
| Nicht-normierter Term | Jugendfilmclub "Olga Benario" |
| 653 ## - Indexierungsterm - Nicht normiert | |
| Nicht-normierter Term | Geschichte 1977-2012 |
| 942 ## - Zusätzliche Felder (Koha) | |
| Klassifikation oder Aufstellungssystematik | Andere/Generische Klassifikation |
| Koha-Medientyp | Bücher |
| Ausgeschieden | Verloren | Klassifikation oder Aufstellungssystematik | Beschädigt | Nicht entleihbar | Permanenter Standort | Aktueller Standort | Aufstellungsort | Erwerbungsdatum | Lieferant | Kodierter Standort-Qualifier | Anzahl Ausleihen | Signatur | Letzte Aktivität | Exemplarnummer | Preis gültig von | Medientyp |
|---|---|---|---|---|---|---|---|---|---|---|---|---|---|---|---|---|
| Andere/Generische Klassifikation | Stadtarchiv Frankfurt (Oder) | Archivbibliothek | Stadtarchiv Frankfurt (Oder) | Archivbibliothek | Magazin | 27/01/2023 | Belegexemplar | M | II: 5062 | 27/01/2023 | 14/2023 | 27/01/2023 | Bücher |